000 00464 a2200145 4500
999 _c2670
_d2670
020 _a1853391948
050 _aHN 49 CHA 1993
100 _aChambers, Robert
_eauthor
245 _aChallenging the Professions :
_b Frontiers for rural development /
_cRobert Chambers
264 _aWarwickshire.. UK
_bITDG publishing,
_c1993
300 _axvi, 143p.
500 _aincludes bibliographical references and index
650 _aproffesions
942 _2lcc
_cBK
_h49
_iCHA
_kHN